Anda bertanya Ustaz Azhar Idrus menjawab berkenaan permasalahan umat /

Main Author: AZHAR Idrus
Format: Book
Call Number: 297 AZH
Institution: Perbadanan Perpustakaan Awam Negeri Perak
Library: Main Library
Record Id / ISBN-0: ppap.21519 / 9789673661640
Online Public Access Catalog: Perbadanan Perpustakaan Awam Negeri Perak
Published: Selangor PTS 2012
Subjects:
Tags: Add Tag
No Tags, Be the first to tag this record!
LEADER 08998pam a2200901 4500
001 0000055378
008 010617s9999 000 0
020 |a 9789673661640  |c RM25.00 
090 0 0 |a 297  |b AZH 
100 1 |a AZHAR Idrus 
245 1 0 |a Anda bertanya Ustaz Azhar Idrus menjawab berkenaan permasalahan umat /  |c Azhar Idrus 
260 |a Selangor  |b PTS  |c 2012 
300 |a 162ms.  |b ill.wrn  |c 23cm 
650 0 |a Islam  |x Customs and practices 
650 0 |a Islam  |x Miscellanea 
650 0 |a Muslim  |x Conduct of life 
942 |2 ddc  |c BK 
999 |c 21519  |d 21519 
952 |0 0  |1 0  |2 ddc  |4 0  |6 297_000000000000000_AZH  |7 0  |9 171859  |a K4  |b K4  |c OS  |d 2014-06-18  |o 297 AZH  |p 0000588155  |r 2014-06-18  |w 2014-06-18  |y BK 
952 |0 0  |1 0  |2 ddc  |4 0  |6 297_000000000000000_AZH  |7 0  |9 171860  |a HQ  |b HQ  |c OS  |d 2014-06-18  |o 297 AZH  |p 0000605122  |r 2014-06-18  |w 2014-06-18  |y BK 
952 |0 0  |1 0  |2 ddc  |4 0  |6 297_000000000000000_AZH  |7 0  |9 171861  |a TPG  |b TPG  |c OS  |d 2014-06-18  |l 3  |o 297 AZH  |p 0000605123  |r 2016-08-10  |s 2016-07-26  |w 2014-06-18  |y BK 
952 |0 0  |1 0  |2 ddc  |4 0  |6 297_000000000000000_AZH  |7 0  |9 171862  |a PG  |b PG  |c OS  |d 2014-06-18  |o 297 AZH  |p 0000605124  |r 2014-06-18  |w 2014-06-18  |y BK 
952 |0 0  |1 0  |2 ddc  |4 0  |6 297_000000000000000_AZH  |7 0  |9 171863  |a TH  |b TH  |c OS  |d 2014-06-18  |o 297 AZH  |p 0000605125  |r 2014-06-18  |w 2014-06-18  |y BK 
952 |0 0  |1 0  |2 ddc  |4 0  |6 297_000000000000000_AZH  |7 0  |9 171864  |a TI  |b TI  |c OS  |d 2014-06-18  |l 3  |m 2  |o 297 AZH  |p 0000605126  |r 2016-10-01  |s 2016-08-19  |w 2014-06-18  |y BK 
952 |0 0  |1 0  |2 ddc  |4 0  |6 297_000000000000000_AZH  |7 0  |9 171865  |a S  |b S  |c OS  |d 2014-06-18  |o 297 AZH  |p 0000605127  |r 2014-06-18  |w 2014-06-18  |y BK 
952 |0 0  |1 0  |2 ddc  |4 0  |6 297_000000000000000_AZH  |7 0  |9 171866  |a PBG  |b PBG  |c OS  |d 2014-06-18  |o 297 AZH  |p 0000605128  |r 2014-06-18  |w 2014-06-18  |y BK 
952 |0 0  |1 0  |2 ddc  |4 0  |6 297_000000000000000_AZH  |7 0  |9 171867  |a PB  |b PB  |c OS  |d 2014-06-18  |o 297 AZH  |p 0000605129  |r 2014-06-18  |w 2014-06-18  |y BK 
952 |0 0  |1 0  |2 ddc  |4 0  |6 297_000000000000000_AZH  |7 0  |9 171868  |a PRS  |b PRS  |c OS  |d 2014-06-18  |o 297 AZH  |p 0000605130  |r 2014-06-18  |w 2014-06-18  |y BK 
952 |0 0  |1 0  |2 ddc  |4 0  |6 297_000000000000000_AZH  |7 0  |9 171869  |a KG  |b KG  |c OS  |d 2014-06-18  |o 297 AZH  |p 0000605131  |r 2014-06-18  |w 2014-06-18  |y BK 
952 |0 0  |1 0  |2 ddc  |4 0  |6 297_000000000000000_AZH  |7 0  |9 171870  |a KK  |b KK  |c OS  |d 2014-06-18  |l 1  |o 297 AZH  |p 0000605132  |r 2016-06-03  |s 2016-04-03  |w 2014-06-18  |y BK 
952 |0 0  |1 0  |2 ddc  |4 0  |6 297_000000000000000_AZH  |7 0  |9 171871  |a SI  |b SI  |c OS  |d 2014-06-18  |l 3  |o 297 AZH  |p 0000605133  |r 2016-04-18  |s 2016-04-08  |w 2014-06-18  |y BK 
952 |0 0  |1 0  |2 ddc  |4 0  |6 297_000000000000000_AZH  |7 0  |9 171872  |a BS  |b BS  |c OS  |d 2014-06-18  |o 297 AZH  |p 0000605134  |r 2014-06-18  |w 2014-06-18  |y BK 
952 |0 0  |1 0  |2 ddc  |4 0  |6 297_000000000000000_AZH  |7 0  |9 171873  |a PP  |b PP  |c OS  |d 2014-06-18  |o 297 AZH  |p 0000605135  |r 2014-06-18  |w 2014-06-18  |y BK 
952 |0 0  |1 0  |2 ddc  |4 0  |6 297_000000000000000_AZH  |7 0  |9 171874  |a STN  |b STN  |c OS  |d 2014-06-18  |o 297 AZH  |p 0000605136  |r 2014-06-18  |w 2014-06-18  |y BK 
952 |0 0  |1 0  |2 ddc  |4 0  |6 297_000000000000000_AZH  |7 0  |9 171875  |a K1  |b K1  |c OS  |d 2014-06-18  |o 297 AZH  |p 0000605137  |r 2014-06-18  |w 2014-06-18  |y BK 
952 |0 0  |1 0  |2 ddc  |4 0  |6 297_000000000000000_AZH  |7 0  |9 171876  |a K2  |b K2  |c OS  |d 2014-06-18  |l 1  |o 297 AZH  |p 0000605138  |r 2016-10-23  |s 2016-10-09  |w 2014-06-18  |y BK 
952 |0 0  |1 0  |2 ddc  |4 0  |6 297_000000000000000_AZH  |7 0  |9 171877  |a K3  |b K3  |c OS  |d 2014-06-18  |l 1  |o 297 AZH  |p 0000605139  |r 2017-05-17  |s 2017-04-15  |w 2014-06-18  |y BK 
952 |0 0  |1 0  |2 ddc  |4 0  |6 297_000000000000000_AZH  |7 0  |9 171878  |a D1  |b D1  |c OS  |d 2014-06-18  |o 297 AZH  |p 0000605140  |r 2014-06-18  |w 2014-06-18  |y BK 
952 |0 0  |1 0  |2 ddc  |4 0  |6 297_000000000000000_AZH  |7 0  |9 171879  |a D2  |b D2  |c OS  |d 2014-06-18  |o 297 AZH  |p 0000605141  |r 2014-06-18  |w 2014-06-18  |y BK 
952 |0 0  |1 0  |2 ddc  |4 0  |6 297_000000000000000_AZH  |7 0  |9 171880  |a D3  |b D3  |c OS  |d 2014-06-18  |o 297 AZH  |p 0000605142  |r 2014-06-18  |w 2014-06-18  |y BK 
952 |0 0  |1 0  |2 ddc  |4 0  |6 297_000000000000000_AZH  |7 0  |9 171881  |a D4  |b D4  |c OS  |d 2014-06-18  |o 297 AZH  |p 0000605143  |r 2014-06-18  |w 2014-06-18  |y BK 
952 |0 0  |1 0  |2 ddc  |4 0  |6 297_000000000000000_AZH  |7 0  |9 171882  |a D5  |b D5  |c OS  |d 2014-06-18  |o 297 AZH  |p 0000605144  |r 2014-06-18  |w 2014-06-18  |y BK 
952 |0 0  |1 0  |2 ddc  |4 0  |6 297_000000000000000_AZH  |7 0  |9 171883  |a D6  |b D6  |c OS  |d 2014-06-18  |o 297 AZH  |p 0000605145  |r 2014-06-18  |w 2014-06-18  |y BK 
952 |0 0  |1 0  |2 ddc  |4 0  |6 297_000000000000000_AZH  |7 0  |9 171884  |a D7  |b D7  |c OS  |d 2014-06-18  |o 297 AZH  |p 0000605146  |r 2014-06-18  |w 2014-06-18  |y BK 
952 |0 0  |1 0  |2 ddc  |4 0  |6 297_000000000000000_AZH  |7 0  |9 171885  |a D8  |b D8  |c OS  |d 2014-06-18  |o 297 AZH  |p 0000605147  |r 2014-06-18  |w 2014-06-18  |y BK 
952 |0 0  |1 0  |2 ddc  |4 0  |6 297_000000000000000_AZH  |7 0  |9 171886  |a D9  |b D9  |c OS  |d 2014-06-18  |o 297 AZH  |p 0000605148  |r 2014-06-18  |w 2014-06-18  |y BK 
952 |0 0  |1 0  |2 ddc  |4 0  |6 297_000000000000000_AZH  |7 0  |9 171887  |a D10  |b D10  |c OS  |d 2014-06-18  |o 297 AZH  |p 0000605149  |r 2014-06-18  |w 2014-06-18  |y BK 
952 |0 0  |1 0  |2 ddc  |4 0  |6 297_000000000000000_AZH  |7 0  |9 171888  |a D12  |b D12  |c OS  |d 2014-06-18  |o 297 AZH  |p 0000605150  |r 2014-06-18  |w 2014-06-18  |y BK 
952 |0 0  |1 0  |2 ddc  |4 0  |6 297_000000000000000_AZH  |7 0  |9 171889  |a D13  |b D13  |c OS  |d 2014-06-18  |o 297 AZH  |p 0000605151  |r 2014-06-18  |w 2014-06-18  |y BK 
952 |0 0  |1 0  |2 ddc  |4 0  |6 297_000000000000000_AZH  |7 0  |9 171890  |a D15  |b D15  |c OS  |d 2014-06-18  |o 297 AZH  |p 0000605152  |r 2014-06-18  |w 2014-06-18  |y BK 
952 |0 0  |1 0  |2 ddc  |4 0  |6 297_000000000000000_AZH  |7 0  |9 171891  |a D16  |b D16  |c OS  |d 2014-06-18  |o 297 AZH  |p 0000605153  |r 2014-06-18  |w 2014-06-18  |y BK 
952 |0 0  |1 0  |2 ddc  |4 0  |6 297_000000000000000_AZH  |7 0  |9 171892  |a D19  |b D19  |c OS  |d 2014-06-18  |o 297 AZH  |p 0000605154  |r 2014-06-18  |w 2014-06-18  |y BK 
952 |0 0  |1 0  |2 ddc  |4 0  |6 297_000000000000000_AZH  |7 0  |9 171893  |a D20  |b D20  |c OS  |d 2014-06-18  |o 297 AZH  |p 0000605155  |r 2014-06-18  |w 2014-06-18  |y BK 
952 |0 0  |1 0  |2 ddc  |4 0  |6 297_000000000000000_AZH  |7 0  |9 171894  |a D21  |b D21  |c OS  |d 2014-06-18  |o 297 AZH  |p 0000605156  |r 2014-06-18  |w 2014-06-18  |y BK 
952 |0 0  |1 0  |2 ddc  |4 0  |6 297_000000000000000_AZH  |7 0  |9 171895  |a D22  |b D22  |c OS  |d 2014-06-18  |o 297 AZH  |p 0000605157  |r 2014-06-18  |w 2014-06-18  |y BK 
952 |0 0  |1 0  |2 ddc  |4 0  |6 297_000000000000000_AZH  |7 0  |9 171896  |a D23  |b D23  |c OS  |d 2014-06-18  |o 297 AZH  |p 0000605158  |r 2014-06-18  |w 2014-06-18  |y BK 
952 |0 0  |1 0  |2 ddc  |4 0  |6 297_000000000000000_AZH  |7 0  |9 171897  |a D24  |b D24  |c OS  |d 2014-06-18  |o 297 AZH  |p 0000605159  |r 2014-06-18  |w 2014-06-18  |y BK 
952 |0 0  |1 0  |2 ddc  |4 0  |6 297_000000000000000_AZH  |7 0  |9 171898  |a D25  |b D25  |c OS  |d 2014-06-18  |o 297 AZH  |p 0000605160  |r 2014-06-18  |w 2014-06-18  |y BK 
952 |0 0  |1 0  |2 ddc  |4 0  |6 297_000000000000000_AZH  |7 0  |9 171899  |a D26  |b D26  |c OS  |d 2014-06-18  |o 297 AZH  |p 0000605161  |r 2014-06-18  |w 2014-06-18  |y BK 
952 |0 0  |1 0  |2 ddc  |4 0  |6 297_000000000000000_AZH  |7 0  |9 171900  |a D27  |b D27  |c OS  |d 2014-06-18  |o 297 AZH  |p 0000605162  |r 2014-06-18  |w 2014-06-18  |y BK 
952 |0 0  |1 0  |2 ddc  |4 0  |6 297_000000000000000_AZH  |7 0  |9 171901  |a D28  |b D28  |c OS  |d 2014-06-18  |o 297 AZH  |p 0000605163  |r 2014-06-18  |w 2014-06-18  |y BK 
952 |0 0  |1 0  |2 ddc  |4 0  |6 297_000000000000000_AZH  |7 0  |9 171902  |a D29  |b D29  |c OS  |d 2014-06-18  |o 297 AZH  |p 0000605164  |r 2014-06-18  |w 2014-06-18  |y BK 
952 |0 0  |1 0  |2 ddc  |4 0  |6 297_000000000000000_AZH  |7 0  |9 171903  |a D30  |b D30  |c OS  |d 2014-06-18  |o 297 AZH  |p 0000605165  |r 2014-06-18  |w 2014-06-18  |y BK 
952 |0 0  |1 0  |2 ddc  |4 0  |6 297_000000000000000_AZH  |7 0  |9 171904  |a D31  |b D31  |c OS  |d 2014-06-18  |o 297 AZH  |p 0000605166  |r 2014-06-18  |w 2014-06-18  |y BK 
952 |0 0  |1 0  |2 ddc  |4 0  |6 297_000000000000000_AZH  |7 0  |9 171905  |a D32  |b D32  |c OS  |d 2014-06-18  |o 297 AZH  |p 0000605167  |r 2014-06-18  |w 2014-06-18  |y BK 
952 |0 0  |1 0  |2 ddc  |4 0  |6 297_000000000000000_AZH  |7 0  |9 171906  |a D33  |b D33  |c OS  |d 2014-06-18  |o 297 AZH  |p 0000605168  |r 2014-06-18  |w 2014-06-18  |y BK 
952 |0 0  |1 0  |2 ddc  |4 0  |6 297_000000000000000_AZH  |7 0  |9 171907  |a D34  |b D34  |c OS  |d 2014-06-18  |o 297 AZH  |p 0000605169  |r 2014-06-18  |w 2014-06-18  |y BK 
952 |0 0  |1 0  |2 ddc  |4 0  |6 297_000000000000000_AZH  |7 0  |9 171908  |a D35  |b D35  |c OS  |d 2014-06-18  |o 297 AZH  |p 0000605170  |r 2014-06-18  |w 2014-06-18  |y BK 
952 |0 0  |1 0  |2 ddc  |4 0  |6 297_000000000000000_AZH  |7 0  |9 171909  |a D36  |b D36  |c OS  |d 2014-06-18  |o 297 AZH  |p 0000605171  |r 2014-06-18  |w 2014-06-18  |y BK 
952 |0 0  |1 0  |2 ddc  |4 0  |6 297_000000000000000_AZH  |7 0  |9 171910  |a D37  |b D37  |c OS  |d 2014-06-18  |o 297 AZH  |p 0000605172  |r 2014-06-18  |w 2014-06-18  |y BK 
952 |0 0  |1 0  |2 ddc  |4 0  |6 297_000000000000000_AZH  |7 0  |9 171911  |a D38  |b D38  |c OS  |d 2014-06-18  |o 297 AZH  |p 0000605173  |r 2014-06-18  |w 2014-06-18  |y BK 
952 |0 0  |1 0  |2 ddc  |4 0  |6 297_000000000000000_AZH  |7 0  |9 171912  |a D39  |b D39  |c OS  |d 2014-06-18  |o 297 AZH  |p 0000605174  |r 2014-06-18  |w 2014-06-18  |y BK 
952 |0 0  |1 0  |2 ddc  |4 0  |6 297_000000000000000_AZH  |7 0  |9 171913  |a D40  |b D40  |c OS  |d 2014-06-18  |o 297 AZH  |p 0000605175  |r 2014-06-18  |w 2014-06-18  |y BK 
952 |0 0  |1 0  |2 ddc  |4 0  |6 297_000000000000000_AZH  |7 0  |9 171914  |a D41  |b D41  |c OS  |d 2014-06-18  |o 297 AZH  |p 0000605176  |r 2014-06-18  |w 2014-06-18  |y BK 
952 |0 0  |1 0  |2 ddc  |4 0  |6 297_000000000000000_AZH  |7 0  |9 171915  |a D42  |b D42  |c OS  |d 2014-06-18  |o 297 AZH  |p 0000605177  |r 2014-06-18  |w 2014-06-18  |y BK 
952 |0 0  |1 0  |2 ddc  |4 0  |6 297_000000000000000_AZH  |7 0  |9 171916  |a D44  |b HQ  |c OS  |d 2014-06-18  |l 8  |o 297 AZH  |p 0000605178  |r 2016-02-19  |s 2016-02-06  |w 2014-06-18  |y BK 
952 |0 0  |1 0  |2 ddc  |4 0  |6 297_000000000000000_AZH  |7 0  |9 171917  |a D45  |b D45  |c OS  |d 2014-06-18  |o 297 AZH  |p 0000605179  |r 2014-06-18  |w 2014-06-18  |y BK 
952 |0 0  |1 0  |2 ddc  |4 0  |6 297_000000000000000_AZH  |7 0  |9 171918  |a D46  |b D46  |c OS  |d 2014-06-18  |o 297 AZH  |p 0000605180  |r 2014-06-18  |w 2014-06-18  |y BK